Enfermería Pediátrica. (Registro nro. 18220)
[ vista simple ]
| 000 -LEADER | |
|---|---|
| fixed length control field | 01433nam a2200349 i 4500 |
| 001 - CONTROL NUMBER | |
| control field | 18220 |
| 003 - CONTROL NUMBER IDENTIFIER | |
| control field | Mx-PuUPA |
| 005 - DATE AND TIME OF LATEST TRANSACTION | |
| control field | 20250923143306.0 |
| 008 - FIXED-LENGTH DATA ELEMENTS--GENERAL INFORMATION | |
| fixed length control field | 140415s1993 mx a gr 001 0 spa d |
| 020 ## - INTERNATIONAL STANDARD BOOK NUMBER | |
| International Standard Book Number | 9682518520 |
| Qualifying information | vol. 1 |
| 020 ## - INTERNATIONAL STANDARD BOOK NUMBER | |
| International Standard Book Number | 9682516145 |
| Qualifying information | obra completa |
| 040 ## - CATALOGING SOURCE | |
| Original cataloging agency | Mx-PuUPA |
| Language of cataloging | spa |
| Transcribing agency | Mx-PuUPA |
| Modifying agency | Mx-PuUPA |
| Description conventions | rda |
| 041 0# - LANGUAGE CODE | |
| Language code of text/sound track or separate title | spa |
| Language code of original | eng |
| 100 1# - MAIN ENTRY--PERSONAL NAME | |
| Personal name | Waechter, Eugenia H., |
| Relator term | autor |
| 240 10 - UNIFORM TITLE | |
| Uniform title | Nurse Care of Children. |
| Language of a work | Español |
| 245 10 - TITLE STATEMENT | |
| Title | Enfermería Pediátrica. |
| Number of part/section of a work | Volumen I / |
| Statement of responsibility, etc. | Eugenia H. Waetchter, Jane Phillips, Bonnie Holaday ; traducción, Ma. Teresa Aguilar Ortega, Ma. Teresa Martínez de Z. |
| 250 ## - EDITION STATEMENT | |
| Edition statement | Quinta edición / |
| Remainder of edition statement | en español |
| 264 ## - PRODUCTION, PUBLICATION, DISTRIBUTION, MANUFACTURE, AND COPYRIGHT NOTICE | |
| Place of production, publication, distribution, manufacture | México, D.F. : |
| Name of producer, publisher, distributor, manufacturer | Nueva Editorial Interamericana, |
| Date of production, publication, distribution, manufacture, or copyright notice | 1993 |
| 300 ## - PHYSICAL DESCRIPTION | |
| Extent | xiv, 871 páginas : |
| Other physical details | ilustraciones (blanco y negro) ; |
| Dimensions | 27 cm |
| 336 ## - CONTENT TYPE | |
| Fuente | rdacontent |
| Content type term | texto |
| Content type code | txt |
| 337 ## - MEDIA TYPE | |
| Source | rdamedia |
| Media type term | sin medio |
| Media type code | n |
| 338 ## - CARRIER TYPE | |
| Source | rdacarrier |
| Carrier type term | volumen |
| Carrier type code | nc |
| 650 #7 - SUBJECT ADDED ENTRY--TOPICAL TERM | |
| Topical term or geographic name entry element | Enfermería pediátrica |
| Source of heading or term | armarc |
| 700 1# - ADDED ENTRY--PERSONAL NAME | |
| Personal name | Phillips, Jane, |
| Relator term | autor |
| 700 1# - ADDED ENTRY--PERSONAL NAME | |
| Personal name | Holaday, Bonnie, |
| Relator term | autor |
| 700 1# - ADDED ENTRY--PERSONAL NAME | |
| Personal name | Aguilar Ortega, Ma. Teresa, |
| Relator term | traductor |
| 700 1# - ADDED ENTRY--PERSONAL NAME | |
| Personal name | Martínez de Z., Ma. Teresa, |
| Relator term | traductor |
| 765 0# - ORIGINAL LANGUAGE ENTRY | |
| Main entry heading | Waechter, Eugenia H. |
| Title | Nurse Care of Children |
| Edition | Décima edición |
| Place, publisher, and date of publication | Philadelphia, Pennsylvania : Lippincott Company, ©1985 |
| International Standard Book Number | 0397542577 |
| 942 ## - ADDED ENTRY ELEMENTS (KOHA) | |
| Source of classification or shelving scheme | Dewey Decimal Classification |
| Koha item type | Libro |
| Classification part | 618.9200231 |
| Item part | W2618 |
| Withdrawn status | Lost status | Source of classification or shelving scheme | Damaged status | Not for loan | Collection code | Home library | Current library | Shelving location | Date acquired | Source of acquisition | Serial Enumeration / chronology | Total Checkouts | Full call number | Barcode | Date last seen | Date last checked out | Price effective from | Koha item type |
|---|---|---|---|---|---|---|---|---|---|---|---|---|---|---|---|---|---|---|
| Dewey Decimal Classification | General | Biblioteca Karol Wojtyla | Biblioteca Karol Wojtyla | Sala general | 03/12/2013 | Compra | v.1 | 2 | 618.9200231 W2618 1993 | 37410 | 05/01/2026 | 29/03/2019 | 03/12/2013 | Libro |